000 00564nam a2200205 a 4500
001 BRCA_6260
005 20190320205404.0
008 220711s1918----gw-#######---#000-0#ger-#
041 _ager
044 _agw
050 4 _aPT2625
_b.U55 M45
_c1918
100 1 _aMüller-Guttenbrunn, Adam
_d1852-1923
_915713
245 1 0 _aMeister Jakob und seine Kinder
_cvon Adam Müller-Guttenbrunn.
260 _aLeipzig, Alemania
_bL. Staackmann
_c1918
300 _a350 p.
_c19 cm.
500 _aK124
650 1 4 _aLiteratura Alemana
_96160
902 _aGFM
942 _2lcc
_cB
999 _c5947
_d5947